Qualitätsentwicklung in F und E, Produktion und Logistik.
Kvalita ako nástroj súťaže. Zaistenie kvality vo výskume a vývoji (orientácia na zákazníkov, prevencia kvality). Zaisťovanie kvality vo výrobe cez automatizáciu, samokontrolu, kontrolu výroby, designu a prostredia. Kvalita v logistike a v dodávkach. Integrácia aktivít zabezpečujúcich kvalitu, ich zá...
Na minha lista:
| Autor principal: | |
|---|---|
| Formato: | Capítulo de Livro |
| Idioma: | alemão |
| Assuntos: | |
| Tags: |
Sem tags, seja o primeiro a adicionar uma tag!
|
MARC
| LEADER | 00000naa a2200000 4500 | ||
|---|---|---|---|
| 001 | r009327 | ||
| 005 | 20221130113408.7 | ||
| 041 | 0 | |a ger | |
| 044 | |a DE | ||
| 245 | 1 | 0 | |a Qualitätsentwicklung in F und E, Produktion und Logistik. |c H. Wildemann |
| 520 | |a Kvalita ako nástroj súťaže. Zaistenie kvality vo výskume a vývoji (orientácia na zákazníkov, prevencia kvality). Zaisťovanie kvality vo výrobe cez automatizáciu, samokontrolu, kontrolu výroby, designu a prostredia. Kvalita v logistike a v dodávkach. Integrácia aktivít zabezpečujúcich kvalitu, ich základné princípy. Stratégie zabezpečenia kvality a ich empirické porovnanie. | ||
| 610 | 2 | 0 | |a kvalita výrobkov |
| 610 | 2 | 0 | |a kvalita |
| 610 | 2 | 0 | |a logistika |
| 610 | 2 | 0 | |a riadenie kvality |
| 610 | 2 | 0 | |a kontrola kvality |
| 610 | 2 | 0 | |a konkurencieschopnosť |
| 100 | 1 | |a Wildemann, H. | |